[Event "Madrid San Viator op 24th"]
[Site "Madrid"]
[Date "2015.05.17"]
[Round "7"]
[White "Galdeano Williams, Tomas"]
[Black "Cuerda Montagud, Tomas"]
[Result "0-1"]
[WhiteElo "1487"]
[BlackElo "1321"]
[PlyCount "82"]
[EventDate "2015.03.22"]
[EventType "swiss"]
[EventRounds "9"]
[EventCountry "ESP"]
[SourceTitle "EXT 2016"]
[Source "ChessBase"]
[SourceDate "2015.10.08"]
[SourceVersion "1"]
[SourceVersionDate "2015.10.08"]
[SourceQuality "1"]

1. e4 e6 2. d4 d5 3. Nc3 Nf6 4. e5 Nfd7 5. Bd3 c5 6. dxc5 Bxc5 7. Qg4 Bf8 8. Nf3 Nc6 9. Qf4 f6 10. Qh4 Ndxe5 11. Nxe5 Nxe5 12. Bb5+ Bd7 13. 0-0 Be7 14. Re1 Rc8 15. Be2 0-0 16. Bh5 Be8 17. Bxe8 Qxe8 18. Qh3 Qf7 19. Bf4 Bd6 20. Nb5 Bb8 21. Re2 g5 22. Qg3 Qg7 23. Nd4 Rce8 24. Bd2 h5 25. Bb4 Rf7 26. f4 Nc6 27. Rxe6 Rxe6 28. Nxe6 Qg6 29. Bc3 d4 30. Nxd4 Nxd4 31. Bxd4 Bxf4 32. Qf3 Qxc2 33. Re1 Qd2 34. Re8+ Kg7 35. Bc3 Qd6 36. Qxh5 Qc5+ 37. Kf1 Qb5+ 38. Re2 Re7 39. h4 Bh2 40. hxg5 Qf5+ 41. Rf2 Qb1+ 0-1

[Event "Madrid San Viator op 24th"]
[Site "Madrid"]
[Date "2015.04.26"]
[Round "5"]
[White "Galdeano Williams, Tomas"]
[Black "Hidalgo Prado, David"]
[Result "0-1"]
[WhiteElo "1487"]
[BlackElo "1499"]
[PlyCount "98"]
[EventDate "2015.03.22"]
[EventType "swiss"]
[EventRounds "9"]
[EventCountry "ESP"]
[SourceTitle "EXT 2016"]
[Source "ChessBase"]
[SourceDate "2015.10.08"]
[SourceVersion "1"]
[SourceVersionDate "2015.10.08"]
[SourceQuality "1"]

1. e4 e6 2. Nc3 d5 3. d4 Nf6 4. e5 Nfd7 5. Nf3 a6 6. Qd2 c5 7. Qf4 cxd4 8. Nxd4 Nc6 9. Nce2 Ndxe5 10. Nxc6 Nxc6 11. g3 Bd6 12. Qg4 0-0 13. Nf4 e5 14. Qh5 exf4 15. Bd3 g6 16. Qh6 Re8+ 17. Kf1 f3 18. Be3 Be5 19. h4 Bg7 20. Qf4 Qf6 21. h5 Qxf4 22. Bxf4 Bxb2 23. Re1 Bd7 24. hxg6 Rxe1+ 25. Kxe1 Bc3+ 26. Kd1 fxg6 27. Bd2 Bxd2 28. Kxd2 Re8 29. Re1 Rxe1 30. Kxe1 Nb4 31. Bf1 Nxc2+ 32. Kd2 Nb4 33. a3 Nc6 34. Ke3 Bg4 35. Kf4 h5 36. Bd3 Kg7 37. Bc2 Kf6 38. Bb3 g5+ 39. Ke3 d4+ 40. Kd3 Bf5+ 41. Kd2 Ke5 42. Ke1 b5 43. Bf7 h4 44. Kf1 hxg3 45. fxg3 g4 46. Be8 Na7 47. Bh5 a5 48. Bf7 b4 49. axb4 axb4 0-1